Anglické konverzační texty pro nefilologické obory /

Uložené v:
Podrobná bibliografia
Hlavný autor: Herzlík, Bořivoj (Author)
Médium: Kniha
Jazyk:Czech
English
Vydané: Praha : Státní pedagogické nakladatelství, 1985.
Vydanie:1. vydání
Fyzický popis: 44 strán.
Tagy: Pridať tag
Žiadne tagy, Buďte prvý kto otaguje tento záznam!

MARC

LEADER 00000nam a2200000 a 4500
001 000096821
005 20241121133826.0
008 860214s1985 xr cze d
020 |c Kčs 3,50  |q (brožované) 
040 |a SVKKK  |b slo  |c SVKKK  |e rda 
041 0 |a cze  |a eng 
044 |a xr  |c CZ 
100 1 |a Herzlík, Bořivoj  |4 aut 
245 1 0 |a Anglické konverzační texty pro nefilologické obory /  |c Bořivoj Herzlík a kolektiv. 
250 |a 1. vydání 
264 1 |a Praha :  |b Státní pedagogické nakladatelství,  |c 1985. 
300 |a 44 strán. 
336 |a text  |b txt  |2 rdacontent 
337 |a bez média  |b n  |2 rdamedia 
338 |a zväzok  |b nc  |2 rdacarrier 
500 |a Záznam revízie 
910 |a svkkk 
998 |a BK 
090 |g SCKHL  |k Sklad Pribinova 3. posch.  |a V.139448  |j 729013  |i 2720966625  |s Povinný výt. 
090 |g SCKHL  |k Sklad Pribinova 3. posch.  |a V.156174  |j 723285  |i 2720971921  |s Absenčne 
090 |g SCKHL  |k Sklad Pribinova 3. posch.  |a V.156175  |j 723286  |i 96821-20  |4 Duplikát  |s Vyradená